| 000 | 00415nam a2200133Ia 4500 | ||
|---|---|---|---|
| 008 | 220216s9999 xx 000 0 und d | ||
| 100 | _aCarbonaro A | ||
| 245 | 0 | _aTrans butadiene piperylene elastomers-preparation and structural properties | |
| 260 | _bProceedings of the International Rubber Conference, Venice, 1979; p312-321 | ||
| 700 | _aBruzzone M | ||
| 700 | _aGargani L | ||
| 700 | _aSorta E | ||
| 942 | _cJS | ||
| 999 |
_c71460 _d71460 |
||